<?xml version="1.0" encoding="UTF-8"?>
<record
    xmlns:xsi="http://www.w3.org/2001/XMLSchema-instance"
    xsi:schemaLocation="http://www.loc.gov/MARC21/slim http://www.loc.gov/standards/marcxml/schema/MARC21slim.xsd"
    xmlns="http://www.loc.gov/MARC21/slim">

  <leader>00557    a2200169   4500</leader>
  <controlfield tag="003">OSt</controlfield>
  <controlfield tag="005">20250704120744.0</controlfield>
  <controlfield tag="008">250704b        |||||||| |||| 00| 0 eng d</controlfield>
  <datafield tag="020" ind1=" " ind2=" ">
    <subfield code="a">9788119662395</subfield>
  </datafield>
  <datafield tag="040" ind1=" " ind2=" ">
    <subfield code="c">oclc</subfield>
  </datafield>
  <datafield tag="082" ind1=" " ind2=" ">
    <subfield code="a">541.33</subfield>
    <subfield code="b">KOT/S</subfield>
  </datafield>
  <datafield tag="100" ind1=" " ind2=" ">
    <subfield code="a">Kothiyal, N C</subfield>
    <subfield code="9">10607</subfield>
  </datafield>
  <datafield tag="245" ind1=" " ind2=" ">
    <subfield code="a">Surface Chemistry: </subfield>
    <subfield code="b">Applications in Science &amp; Engineering /</subfield>
    <subfield code="c">N.C. Kothiyal, Gagandeep Kaur, Harleen Singh</subfield>
  </datafield>
  <datafield tag="260" ind1=" " ind2=" ">
    <subfield code="a">New Delhi:</subfield>
    <subfield code="b">Ane Books Pvt.&#x202F;Ltd</subfield>
    <subfield code="c">2024.</subfield>
  </datafield>
  <datafield tag="300" ind1=" " ind2=" ">
    <subfield code="a">204 pages</subfield>
  </datafield>
  <datafield tag="942" ind1=" " ind2=" ">
    <subfield code="2">ddc</subfield>
    <subfield code="c">BK</subfield>
    <subfield code="h">541.33</subfield>
    <subfield code="i">KOT/S</subfield>
    <subfield code="k">541.33</subfield>
    <subfield code="m">KOT/S</subfield>
  </datafield>
  <datafield tag="952" ind1=" " ind2=" ">
    <subfield code="0">0</subfield>
    <subfield code="1">0</subfield>
    <subfield code="2">ddc</subfield>
    <subfield code="4">0</subfield>
    <subfield code="7">0</subfield>
    <subfield code="8">CHEMISTRY</subfield>
    <subfield code="a">MES</subfield>
    <subfield code="b">MES</subfield>
    <subfield code="c">CHE</subfield>
    <subfield code="d">2025-07-04</subfield>
    <subfield code="l">1</subfield>
    <subfield code="o">541.33 KOT/S</subfield>
    <subfield code="p">46073</subfield>
    <subfield code="r">2025-12-02 09:57:02</subfield>
    <subfield code="s">2025-12-01</subfield>
    <subfield code="v">1495.00</subfield>
    <subfield code="w">2025-07-04</subfield>
    <subfield code="y">BK</subfield>
    <subfield code="z">GL26R4</subfield>
  </datafield>
  <datafield tag="999" ind1=" " ind2=" ">
    <subfield code="c">44610</subfield>
    <subfield code="d">44610</subfield>
  </datafield>
</record>
